000 00470nam a2200229Ia 4500
003 IT-RoPAU
008 120407s9999 xx 000 0 und d
040 _aIT-RoPAU
040 _cIT-RoPAU
041 _alat
100 _aMarc
100 _ccl
245 _aInstitutiones morales alphonsianae...
250 _aLugduni
260 _aVitte
260 _c1943
300 _c23 cm
490 _v1
700 _aFr. Gestermann
942 _cBK
999 _c17650
_d17650